| 000 | 01434pab a2200169 454500 | ||
|---|---|---|---|
| 008 | 180718b2003 xxu||||| |||| 00| 0 eng d | ||
| 100 | _aKudo, Hiroko | ||
| 245 | _aBetween the `governance' model and the policy evaluation act: new public management in Japan | ||
| 260 | _c2003 | ||
| 300 | _ap.483-504. | ||
| 362 | _aDec | ||
| 520 | _aThis article tries to describe Japanese NPM (New Public Management) from two opposite poles: from the national legislative framework and from an experimental example in local government. Since the late 1990s, although NPM was developed from Anglo-Saxon experiences, it has been implemented in Japan at the national level in a unique manner. The crisis in public finance, the urgent need for public sector reform and political instability led to two extreme options: self-reform by the bureaucracy itself; and citizen empowerment resulting in pressure on the bureaucracy. While the second one has been struggling to obtain public consensus, expertise for its practice and institutionalization, the first has resulted, to a certain extent, in the reorganization and restructuring of administrative institutions and in the establishment of both a legal framework and an operational system for measuring performance and evaluating policy. - Reproduced. | ||
| 650 | _aGood governance | ||
| 650 | _aPublic administration | ||
| 773 | _aInternational Review of Administrative Sciences | ||
| 909 | _a59414 | ||
| 999 |
_c59414 _d59414 |
||